[Event "DEN-chT 0910 48th"]
[Site "Denmark"]
[Date "2010.03.13"]
[Round "8.3"]
[White "Pedersen, Steffen"]
[Black "Nielsen, Jorgen Grotum"]
[Result "1/2-1/2"]
[WhiteElo "2428"]
[BlackElo "2171"]
[PlyCount "47"]
[EventDate "2009.11.07"]
[EventType "team-tourn"]
[EventRounds "9"]
[EventCountry "DEN"]
[SourceTitle "EXT 2023"]
[Source "ChessBase"]
[SourceDate "2022.10.05"]
[SourceVersion "1"]
[SourceVersionDate "2022.10.05"]
[SourceQuality "1"]
[WhiteTeam "Sydostfyn"]
[BlackTeam "Aalborg"]
[WhiteTeamCountry "DEN"]
[BlackTeamCountry "DEN"]

1. e4 g6 2. d4 Bg7 3. c4 c5 4. d5 e5 5. Nc3 d6 6. Bd3 Ne7 7. h4 h5 8. Nge2 Nd7 9. f3 Nf6 10. Bg5 Nh7 11. Bd2 0-0 12. Qc2 Bd7 13. 0-0-0 a6 14. g4 hxg4 15. fxg4 Bxg4 16. Rdg1 Qd7 17. Ng3 Nf6 18. Bg5 Nh5 19. Nxh5 gxh5 20. Be2 f5 21. Bxe7 Qxe7 22. exf5 Bxf5 23. Bd3 Bg4 24. Ne4 1/2-1/2

[Event "DEN-chT 0910 48th"]
[Site "Denmark"]
[Date "2010.02.28"]
[Round "7.3"]
[White "Jorgensen, Jorgen"]
[Black "Nielsen, Jorgen Grotum"]
[Result "1-0"]
[WhiteElo "2315"]
[BlackElo "2171"]
[PlyCount "57"]
[EventDate "2009.11.07"]
[EventType "team-tourn"]
[EventRounds "9"]
[EventCountry "DEN"]
[SourceTitle "EXT 2023"]
[Source "ChessBase"]
[SourceDate "2022.10.05"]
[SourceVersion "1"]
[SourceVersionDate "2022.10.05"]
[SourceQuality "1"]
[WhiteTeam "Norresundby"]
[BlackTeam "Aalborg"]
[WhiteTeamCountry "DEN"]
[BlackTeamCountry "DEN"]

1. Nf3 Nf6 2. g3 d5 3. Bg2 c5 4. 0-0 Nc6 5. d4 e6 6. c4 dxc4 7. Qa4 Bd7 8. Qxc4 Qb6 9. dxc5 Bxc5 10. Nc3 Qb4 11. Qd3 Bb6 12. a3 Qe7 13. Bg5 h6 14. Bxf6 gxf6 15. Ne4 Bc7 16. Qc3 e5 17. Rfd1 Be6 18. b4 a6 19. Nc5 Bb6 20. Nxb7 Nd4 21. Nxd4 Bxd4 22. Qc6+ Kf8 23. Rab1 Kg7 24. e3 Rac8 25. Qxa6 Bc3 26. Nc5 Rhd8 27. Rd3 Bf5 28. e4 Ra8 29. Qc4 1-0

[Event "DEN-chT 0809"]
[Site "Denmark"]
[Date "2009.01.25"]
[Round "6.5"]
[White "Christensen, Tobias"]
[Black "Nielsen, Jorgen Grotum"]
[Result "1-0"]
[WhiteElo "2347"]
[BlackElo "2159"]
[PlyCount "61"]
[EventDate "2008.11.01"]
[EventType "team-tourn"]
[EventRounds "9"]
[EventCountry "DEN"]
[SourceTitle "EXT 2023"]
[Source "ChessBase"]
[SourceDate "2022.10.05"]
[SourceVersion "1"]
[SourceVersionDate "2022.10.05"]
[SourceQuality "1"]
[WhiteTeam "Aarhus/Skolerne"]
[BlackTeam "Aalborg"]
[WhiteTeamCountry "DEN"]
[BlackTeamCountry "DEN"]

1. e4 e5 2. Nf3 Nc6 3. Nc3 d6 4. Be2 g6 5. d4 exd4 6. Nxd4 Bg7 7. Be3 Nf6 8. h4 h5 9. Qd2 Ng4 10. Nxc6 bxc6 11. Bg5 Qd7 12. f3 Ne5 13. 0-0-0 Qe6 14. b3 a5 15. Rhe1 a4 16. f4 axb3 17. cxb3 f6 18. f5 gxf5 19. Bf4 Qf7 20. Bf3 0-0 21. exf5 Bxf5 22. Bxe5 fxe5 23. Bxc6 Kh7 24. Kb2 Bh6 25. Qe2 Ra5 26. Rf1 Qg6 27. Rxf5 Rxf5 28. Be4 Kg7 29. Qc2 Kf6 30. b4 Ra6 31. Nd5+ 1-0

[Event "Gjovik op"]
[Site "Gjovik"]
[Date "2009.01.02"]
[Round "5"]
[White "Abasov, Nijat Azad"]
[Black "Nielsen, Jorgen Grotum"]
[Result "1-0"]
[WhiteElo "2363"]
[BlackElo "2184"]
[PlyCount "63"]
[EventDate "2008.12.29"]
[EventType "swiss"]
[EventRounds "9"]
[EventCountry "NOR"]
[SourceTitle "CBM 130 Extra"]
[Source "ChessBase"]
[SourceDate "2009.07.02"]
[SourceVersion "2"]
[SourceVersionDate "2009.07.15"]
[SourceQuality "1"]

1. c4 Nf6 2. Nc3 e6 3. e4 d5 4. e5 Nfd7 5. cxd5 Nxe5 6. d4 Ng6 7. dxe6 Bxe6 8. d5 Bf5 9. Be3 Bd6 10. Nf3 0-0 11. Nd4 Bd7 12. Qb3 Bc8 13. g3 Nd7 14. Ne4 Nc5 15. Nxc5 Bxc5 16. Bg2 Qf6 17. Qc3 Bb6 18. 0-0 Bd7 19. Rac1 Rac8 20. Nb3 Qxc3 21. Rxc3 Bxe3 22. fxe3 Ne5 23. Rfc1 c6 24. Nc5 cxd5 25. Nxd7 Rxc3 26. Rxc3 Nxd7 27. Bxd5 Nf6 28. Bb3 Ne8 29. e4 g6 30. e5 Kg7 31. Rd3 Nc7 32. Rd7 1-0

[Event "DEN-chT 0809"]
[Site "Denmark"]
[Date "2008.11.01"]
[Round "1.7"]
[White "Petersen, Steen Brustrup"]
[Black "Nielsen, Jorgen Grotum"]
[Result "1/2-1/2"]
[WhiteElo "2135"]
[BlackElo "2159"]
[PlyCount "22"]
[EventDate "2008.11.01"]
[EventType "team-tourn"]
[EventRounds "9"]
[EventCountry "DEN"]
[SourceTitle "EXT 2023"]
[Source "ChessBase"]
[SourceDate "2022.10.05"]
[SourceVersion "1"]
[SourceVersionDate "2022.10.05"]
[SourceQuality "1"]
[WhiteTeam "Bronshoj"]
[BlackTeam "Aalborg"]
[WhiteTeamCountry "DEN"]
[BlackTeamCountry "DEN"]

1. e4 e5 2. Nf3 Nc6 3. d4 exd4 4. Bc4 Bc5 5. c3 Nf6 6. cxd4 Bb4+ 7. Bd2 Bxd2+ 8. Nbxd2 d5 9. exd5 Nxd5 10. Qb3 Nce7 11. 0-0 0-0 1/2-1/2

[Event "DEN-chT 0708"]
[Site "Denmark"]
[Date "2008.01.13"]
[Round "5.8"]
[White "Nielsen, Jorgen Grotum"]
[Black "Nielsen, Niels Peter"]
[Result "1/2-1/2"]
[WhiteElo "2149"]
[BlackElo "2047"]
[PlyCount "64"]
[EventDate "2007.11.10"]
[EventType "team-tourn"]
[EventRounds "9"]
[EventCountry "DEN"]
[SourceTitle "EXT 2023"]
[Source "ChessBase"]
[SourceDate "2022.10.05"]
[SourceVersion "1"]
[SourceVersionDate "2022.10.05"]
[SourceQuality "1"]
[WhiteTeam "Aalborg"]
[BlackTeam "Sydostfyn"]
[WhiteTeamCountry "DEN"]
[BlackTeamCountry "DEN"]

1. d4 f5 2. c4 g6 3. Nc3 Bg7 4. g3 d6 5. Bg2 c6 6. e4 Nf6 7. e5 dxe5 8. dxe5 Qxd1+ 9. Nxd1 Nfd7 10. f4 Nb6 11. b3 Na6 12. Be3 Be6 13. Ne2 Rd8 14. Nd4 Kf7 15. 0-0 Rd7 16. Nc3 Rhd8 17. Rad1 Nc7 18. Rd2 Bxc4 19. Nxc6 bxc6 20. Rxd7 Rxd7 21. bxc4 Rd3 22. Bxb6 axb6 23. Na4 b5 24. cxb5 cxb5 25. Rc1 bxa4 26. Rxc7 Rd1+ 27. Bf1 g5 28. Kf2 gxf4 29. gxf4 Rd4 30. Kf3 Bh6 31. Rc4 Rxc4 32. Bxc4+ e6 1/2-1/2

[Event "DEN-chT 0607"]
[Site "Denmark"]
[Date "2007.03.25"]
[Round "9.6"]
[White "Nielsen, Jorgen Grotum"]
[Black "De Blecourt, Sandra"]
[Result "1/2-1/2"]
[WhiteElo "2186"]
[BlackElo "2078"]
[PlyCount "84"]
[EventDate "2006.11.04"]
[EventType "team-tourn"]
[EventRounds "9"]
[EventCountry "DEN"]
[SourceTitle "EXT 2023"]
[Source "ChessBase"]
[SourceDate "2022.10.05"]
[SourceVersion "1"]
[SourceVersionDate "2022.10.05"]
[SourceQuality "1"]
[WhiteTeam "Aalborg"]
[BlackTeam "Helsingor"]
[WhiteTeamCountry "DEN"]
[BlackTeamCountry "DEN"]

1. d4 d5 2. c4 c6 3. Nf3 Nf6 4. e3 Bf5 5. Nc3 e6 6. Nh4 Bg4 7. f3 Bh5 8. g4 Nxg4 9. Ng2 Nf6 10. Nf4 Bg6 11. Nxg6 hxg6 12. e4 dxe4 13. fxe4 Bb4 14. Qd3 Nbd7 15. Bd2 Ng4 16. Qg3 Qh4 17. Qxh4 Rxh4 18. Be2 Ngf6 19. e5 Nh5 20. Be3 Nf4 21. Bf1 0-0-0 22. a3 Be7 23. 0-0-0 g5 24. Bf2 Rh6 25. Ne4 Rdh8 26. Bg3 c5 27. Nd6+ Bxd6 28. exd6 cxd4 29. Rxd4 e5 30. Rd2 Nc5 31. Bxf4 gxf4 32. Rd5 Nd7 33. h3 e4 34. Rg1 g6 35. Rg4 Rh4 36. Rxh4 Rxh4 37. Kd2 Rh5 38. Rxh5 gxh5 39. Kc3 b6 40. Kd4 f5 41. b4 Kb7 42. a4 Kc6 1/2-1/2

[Event "DEN-chT 0607"]
[Site "Denmark"]
[Date "2007.03.24"]
[Round "8.6"]
[White "Bekker Jensen, Simon"]
[Black "Nielsen, Jorgen Grotum"]
[Result "1-0"]
[WhiteElo "2372"]
[BlackElo "2186"]
[PlyCount "105"]
[EventDate "2006.11.04"]
[EventType "team-tourn"]
[EventRounds "9"]
[EventCountry "DEN"]
[SourceTitle "EXT 2023"]
[Source "ChessBase"]
[SourceDate "2022.10.05"]
[SourceVersion "1"]
[SourceVersionDate "2022.10.05"]
[SourceQuality "1"]
[WhiteTeam "Helsinge"]
[BlackTeam "Aalborg"]
[WhiteTeamCountry "DEN"]
[BlackTeamCountry "DEN"]

1. d4 Nf6 2. c4 e6 3. Nc3 Bb4 4. e3 c5 5. Nge2 d5 6. a3 Bxc3+ 7. Nxc3 cxd4 8. exd4 Nc6 9. c5 0-0 10. Be3 b6 11. cxb6 axb6 12. Be2 Ba6 13. Nb5 Ng4 14. 0-0 e5 15. Rc1 Qh4 16. Bxg4 Bxb5 17. Bd7 exd4 18. Bxc6 Bxc6 19. Bxd4 Ba4 20. Qd2 Rab8 21. Be5 Rbd8 22. Bc7 Rd7 23. Bxb6 d4 24. Qb4 Rb7 25. Qxd4 Qxd4 26. Bxd4 Rb3 27. Bc3 Re8 28. Rfe1 f6 29. f3 Kf7 30. Kf2 Rb6 31. Rxe8 Bxe8 32. Bb4 Rb7 33. Ke3 Ke6 34. Rd1 Rc7 35. Rd6+ Kf7 36. Rd2 Bb5 37. Kd4 Ke6 38. b3 Ba6 39. Bc5 Rd7+ 40. Kc3 Rc7 41. Rd6+ Ke5 42. Rxa6 Rxc5+ 43. Kb2 Rd5 44. Rc6 h5 45. b4 Rd2+ 46. Rc2 Rd3 47. a4 g5 48. h3 f5 49. a5 g4 50. fxg4 hxg4 51. hxg4 fxg4 52. a6 Rd6 53. Rc5+ 1-0

[Event "DEN-chT 0607"]
[Site "Denmark"]
[Date "2007.01.14"]
[Round "5.7"]
[White "Nielsen, Jorgen Grotum"]
[Black "Lilja, Richard"]
[Result "1/2-1/2"]
[WhiteElo "2186"]
[BlackElo "2069"]
[PlyCount "74"]
[EventDate "2006.11.04"]
[EventType "team-tourn"]
[EventRounds "9"]
[EventCountry "DEN"]
[SourceTitle "EXT 2023"]
[Source "ChessBase"]
[SourceDate "2022.10.05"]
[SourceVersion "1"]
[SourceVersionDate "2022.10.05"]
[SourceQuality "1"]
[WhiteTeam "Aalborg"]
[BlackTeam "Nordkalotten"]
[WhiteTeamCountry "DEN"]
[BlackTeamCountry "DEN"]

1. d4 g6 2. c4 Bg7 3. Nc3 d6 4. e4 e5 5. dxe5 dxe5 6. Qxd8+ Kxd8 7. Bg5+ f6 8. 0-0-0+ Nd7 9. Be3 Nh6 10. f3 Nf7 11. c5 c6 12. Bc4 Ke7 13. a3 Bh6 14. Bxh6 Nxh6 15. b4 Nf8 16. Nge2 Be6 17. Bxe6 Nxe6 18. Kb2 Rhd8 19. Rxd8 Kxd8 20. h4 Kc7 21. h5 g5 22. g4 Rd8 23. Rd1 Rxd1 24. Nxd1 Nd4 25. Nxd4 exd4 26. Kc2 Nf7 27. Kd3 Ne5+ 28. Ke2 d3+ 29. Ke3 b6 30. cxb6+ Kxb6 31. Nb2 d2 32. Kxd2 Nxf3+ 33. Kc3 Nh2 34. Nc4+ Kb5 35. Ne3 Nf3 36. Nc4 Ka4 37. Kb2 Ne1 1/2-1/2

[Event "Copenhagen AS04 Centenary"]
[Site "Copenhagen"]
[Date "2004.02.15"]
[Round "9"]
[White "Nielsen, Jorgen Grotum"]
[Black "Thestrup, Sixten"]
[Result "1/2-1/2"]
[WhiteElo "2245"]
[BlackElo "1920"]
[PlyCount "82"]
[EventDate "2004.02.07"]
[EventType "swiss"]
[EventRounds "9"]
[EventCountry "DEN"]
[SourceTitle "CBM 098 Extra"]
[Source "ChessBase"]
[SourceDate "2004.03.10"]
[SourceVersion "2"]
[SourceVersionDate "2004.03.10"]
[SourceQuality "1"]

1. d4 f5 2. Nf3 Nf6 3. g3 g6 4. Bg2 Bg7 5. 0-0 d6 6. c4 0-0 7. d5 c6 8. Nc3 a5 9. Nd4 Qc7 10. e4 fxe4 11. Nxe4 Nxe4 12. Bxe4 Bh3 13. Bg2 Bd7 14. Bg5 Re8 15. Rb1 Na6 16. Re1 Be5 17. Nf3 Bg4 18. Qd2 Bxf3 19. Bxf3 Nc5 20. b3 e6 21. a3 exd5 22. cxd5 a4 23. dxc6 bxc6 24. b4 Nb3 25. Qd3 Nd4 26. Bg2 Rab8 27. Qc4+ d5 28. Qd3 Rbc8 29. Rbc1 Qd6 30. Be3 Nb5 31. Rxc6 Rxc6 32. Qxb5 Rcc8 33. Bxd5+ Kg7 34. Bf4 Re7 35. Bb7 Rce8 36. Bg5 Bf6 37. Bxf6+ Qxf6 38. Rxe7+ Rxe7 39. Kg2 Rf7 40. f3 Rc7 41. Be4 Ra7 1/2-1/2

[Event "Copenhagen AS04 Centenary"]
[Site "Copenhagen"]
[Date "2004.02.09"]
[Round "3"]
[White "Werner, Gert"]
[Black "Nielsen, Jorgen Grotum"]
[Result "1/2-1/2"]
[WhiteElo "2070"]
[BlackElo "2245"]
[PlyCount "65"]
[EventDate "2004.02.07"]
[EventType "swiss"]
[EventRounds "9"]
[EventCountry "DEN"]
[SourceTitle "CBM 098 Extra"]
[Source "ChessBase"]
[SourceDate "2004.03.10"]
[SourceVersion "2"]
[SourceVersionDate "2004.03.10"]
[SourceQuality "1"]

1. Nf3 f5 2. d4 Nf6 3. g3 g6 4. Bg2 Bg7 5. 0-0 0-0 6. c4 d6 7. Nc3 Nc6 8. Bg5 h6 9. Bxf6 Bxf6 10. e3 e6 11. a3 a5 12. Rb1 g5 13. b4 g4 14. Nd2 axb4 15. axb4 Ne7 16. Qb3 Kg7 17. Ra1 Rxa1 18. Rxa1 c6 19. Ra7 e5 20. d5 e4 21. Ne2 cxd5 22. cxd5 Qb6 23. Ra8 Bd7 24. Rxf8 Kxf8 25. Nf4 Kf7 26. Bf1 Ng6 27. Nc4 Qc7 28. Ne6 Qb8 29. Nb6 Ne5 30. Kg2 Be8 31. Nd4 Qc7 32. Na8 Qc8 33. Nb6 1/2-1/2

[Event "Aalborg op"]
[Site "Aalborg"]
[Date "1995.??.??"]
[Round "4"]
[White "Larsen, Olav Dalsgaard"]
[Black "Nielsen, Jorgen Grotum"]
[Result "1/2-1/2"]
[WhiteElo "2330"]
[BlackElo "2265"]
[PlyCount "142"]
[EventDate "1995.??.??"]
[EventType "swiss"]
[EventRounds "8"]
[EventCountry "DEN"]
[SourceTitle "EXT 1997"]
[Source "ChessBase"]
[SourceDate "1996.11.15"]
[SourceVersion "1"]
[SourceVersionDate "1996.11.15"]
[SourceQuality "1"]

1. Nf3 Nf6 2. c4 e6 3. g3 d5 4. Bg2 c6 5. b3 Bd6 6. Bb2 0-0 7. 0-0 Nbd7 8. d4 Re8 9. Nbd2 e5 10. cxd5 cxd5 11. dxe5 Nxe5 12. Nxe5 Bxe5 13. Bxe5 Rxe5 14. Nf3 Rh5 15. Qd4 Bg4 16. Rac1 Qe7 17. Rfe1 Bf5 18. Qc5 Qxc5 19. Rxc5 b6 20. Rc7 Ne8 21. Rc3 Be4 22. Rec1 Kf8 23. Rc8 Rxc8 24. Rxc8 Rh6 25. Nd4 Bxg2 26. Kxg2 Rd6 27. e3 Rd7 28. a4 Ke7 29. Nc6+ Kd6 30. Nxa7 Rxa7 31. Rxe8 b5 32. axb5 Rb7 33. b4 Rxb5 34. Rg8 g6 35. Rg7 Ke6 36. Rxh7 Rxb4 37. Rh8 Ke7 38. Kf3 g5 39. Rg8 f6 40. h3 d4 41. Ra8 dxe3 42. fxe3 f5 43. Ra2 g4+ 44. hxg4 Rxg4 45. Rh2 Kf6 46. Rh4 Rg8 47. Kf4 Rg6 48. Kf3 Kg5 49. Rd4 Ra6 50. Rd5 Ra4 51. Rd8 Rb4 52. Rg8+ Kf6 53. Rf8+ Kg5 54. Rd8 Ra4 55. Rd4 Ra1 56. Rd5 Ra4 57. Rc5 Rg4 58. Rc8 Ra4 59. Rh8 Rb4 60. Rh4 Rb1 61. Ra4 Rf1+ 62. Ke2 Rg1 63. Kf2 Rb1 64. Rf4 Ra1 65. Rh4 Rb1 66. Rh8 Rb4 67. Kf3 Ra4 68. Rg8+ Kf6 69. Re8 Kg5 70. Re5 Rb4 71. Rd5 Ra4 1/2-1/2

[Event "DEN-chT 9192"]
[Site "Denmark"]
[Date "1991.??.??"]
[Round "7"]
[White "Bank Friis, Carsten"]
[Black "Nielsen, Jorgen Grotum"]
[Result "0-1"]
[WhiteElo "2305"]
[BlackElo "2260"]
[PlyCount "82"]
[EventDate "1991.??.??"]
[EventType "team"]
[EventRounds "7"]
[EventCountry "DEN"]
[SourceTitle "EXT 2000"]
[Source "ChessBase"]
[SourceDate "1999.11.16"]
[SourceVersion "1"]
[SourceVersionDate "1999.11.16"]
[SourceQuality "1"]

1. e4 c5 2. Nc3 Nc6 3. f4 e6 4. Nf3 a6 5. g3 d5 6. d3 Nf6 7. Bg2 Be7 8. 0-0 0-0 9. Ne5 Nd4 10. Kh1 dxe4 11. Nxe4 Nd5 12. c3 Nf5 13. Qe2 f6 14. Nf3 Qc7 15. Bd2 Bd7 16. c4 Nb4 17. Bxb4 cxb4 18. d4 Rfe8 19. Rac1 Rac8 20. b3 Kh8 21. Rfd1 Bf8 22. Rd3 a5 23. Qd2 Bc6 24. Re1 b5 25. g4 bxc4 26. bxc4 Bxe4 27. Rxe4 Nd6 28. Re1 Nxc4 29. Qc1 Bd6 30. f5 Bf4 31. Qa1 exf5 32. gxf5 Qd7 33. Nh4 Rxe1+ 34. Qxe1 Nb2 35. Qe2 Nxd3 36. Qxd3 Rc1+ 37. Bf1 Qd5+ 38. Kg1 Rd1 39. Qe2 Qxd4+ 40. Kh1 Qd5+ 41. Ng2 Be5 0-1

[Event "Aarhus-A"]
[Site "Aarhus"]
[Date "1991.??.??"]
[Round "?"]
[White "Brautsch, Soren"]
[Black "Nielsen, Jorgen Grotum"]
[Result "1/2-1/2"]
[WhiteElo "2230"]
[BlackElo "2260"]
[PlyCount "50"]
[EventDate "1991.??.??"]
[EventType "tourn"]
[EventRounds "7"]
[EventCountry "DEN"]
[SourceTitle "EXT 1998"]
[Source "ChessBase"]
[SourceDate "1997.11.17"]
[SourceVersion "1"]
[SourceVersionDate "1997.11.17"]
[SourceQuality "1"]

1. d4 e6 2. e4 b6 3. Bd3 Bb7 4. Nf3 Nf6 5. Qe2 d5 6. e5 Nfd7 7. 0-0 Be7 8. c3 c5 9. a3 a5 10. Nbd2 Nc6 11. Rd1 Qc8 12. b3 cxd4 13. c4 Nc5 14. Bb2 Ba6 15. Bxd4 Nxd4 16. Nxd4 Nxd3 17. Qxd3 0-0 18. Qg3 Bc5 19. Ne2 f6 20. Nf3 fxe5 21. Qxe5 dxc4 22. Ned4 Rf6 23. Ng5 Bb7 24. bxc4 Qe8 25. Qc7 Qc8 1/2-1/2

[Event "Bellinge"]
[Site "Bellinge"]
[Date "1991.??.??"]
[Round "3"]
[White "Jelling, Erik"]
[Black "Nielsen, Jorgen Grotum"]
[Result "1/2-1/2"]
[WhiteElo "2365"]
[BlackElo "2260"]
[PlyCount "41"]
[EventDate "1991.??.??"]
[EventType "tourn"]
[EventRounds "9"]
[EventCountry "DEN"]
[EventCategory "3"]
[SourceTitle "EXT 1997"]
[Source "ChessBase"]
[SourceDate "1996.11.15"]
[SourceVersion "1"]
[SourceVersionDate "1996.11.15"]
[SourceQuality "1"]

1. d4 Nf6 2. c4 e6 3. Nc3 Bb4 4. e3 c5 5. Nge2 cxd4 6. exd4 d5 7. c5 Ne4 8. Bd2 Nc6 9. Nxe4 dxe4 10. a3 Bxd2+ 11. Qxd2 0-0 12. Rd1 f5 13. Nc3 Qf6 14. b4 Rd8 15. Nb5 Bd7 16. Nd6 Rab8 17. Bc4 Ne7 18. 0-0 Nc8 19. Nxc8 Rbxc8 20. f3 exf3 21. Rxf3 1/2-1/2

[Event "Bellinge"]
[Site "Bellinge"]
[Date "1991.??.??"]
[Round "8"]
[White "Jepsen, Thomas"]
[Black "Nielsen, Jorgen Grotum"]
[Result "0-1"]
[WhiteElo "2215"]
[BlackElo "2260"]
[PlyCount "68"]
[EventDate "1991.??.??"]
[EventType "tourn"]
[EventRounds "9"]
[EventCountry "DEN"]
[EventCategory "3"]
[SourceTitle "EXT 1997"]
[Source "ChessBase"]
[SourceDate "1996.11.15"]
[SourceVersion "1"]
[SourceVersionDate "1996.11.15"]
[SourceQuality "1"]

1. c4 e5 2. Nc3 Nc6 3. g3 f5 4. Bg2 Nf6 5. d3 Bb4 6. a3 Bxc3+ 7. bxc3 0-0 8. Rb1 Qe7 9. Nh3 b6 10. 0-0 Bb7 11. d4 Ne4 12. Qd3 Na5 13. c5 Rae8 14. f3 Nf6 15. cxb6 axb6 16. dxe5 Qxe5 17. Bf4 Qc5+ 18. e3 Nc4 19. Rfe1 Nd5 20. Kf2 Nxa3 21. Rb3 Nc4 22. Bf1 Nxf4 23. gxf4 Nd6 24. Rb4 Ra8 25. Rd4 Ra2+ 26. Kg1 Ra3 27. Rc1 Bxf3 28. Ng5 Bb7 29. Be2 h6 30. Nf3 Qc6 31. Kf2 Ra2 32. Nh4 Ne4+ 33. Rxe4 Qxe4 34. Qxe4 Bxe4 0-1

[Event "Aarhus-B"]
[Site "Aarhus"]
[Date "1991.??.??"]
[Round "?"]
[White "Kroll, Ove"]
[Black "Nielsen, Jorgen Grotum"]
[Result "1-0"]
[WhiteElo "2320"]
[BlackElo "2260"]
[PlyCount "71"]
[EventDate "1991.??.??"]
[EventType "tourn"]
[EventRounds "7"]
[EventCountry "DEN"]
[SourceTitle "EXT 1998"]
[Source "ChessBase"]
[SourceDate "1997.11.17"]
[SourceVersion "1"]
[SourceVersionDate "1997.11.17"]
[SourceQuality "1"]

1. c4 e5 2. Nc3 Nc6 3. g3 f5 4. Bg2 Nf6 5. e3 g6 6. d4 e4 7. f3 exf3 8. Nxf3 d6 9. 0-0 Bg7 10. d5 Ne7 11. Nd4 0-0 12. b3 Ng4 13. Qd2 Bd7 14. Bb2 c6 15. h3 Ne5 16. Rf2 a5 17. Rc1 Re8 18. Kh2 Nc8 19. Nce2 c5 20. Ne6 Bxe6 21. dxe6 Ra7 22. Bd5 Ne7 23. e4 Kh8 24. Nc3 fxe4 25. Nxe4 Nf5 26. Ng5 b6 27. Re1 h6 28. Nf7+ Nxf7 29. exf7 Rxe1 30. Bxg7+ Kxg7 31. Qxe1 Re7 32. Qd2 Qf8 33. Qf4 Re5 34. h4 Kh7 35. Qg4 h5 36. Qf4 1-0